Madrikh le-khitah vav. (Record no. 32538)

MARC details
000 -LEADER
fixed length control field 01055cam a22003011 4500
001 - CONTROL NUMBER
control field he 67001529
003 - CONTROL NUMBER IDENTIFIER
control field DLC
005 - DATE AND TIME OF LATEST TRANSACTION
control field 20260227111448.0
008 - FIXED-LENGTH DATA ELEMENTS--GENERAL INFORMATION
fixed length control field 870526s1966 is ag bf 000 0 heb
010 ## - LIBRARY OF CONGRESS CONTROL NUMBER
LC control number he 67001529
035 ## - SYSTEM CONTROL NUMBER
System control number (OCoLC)15730346
040 ## - CATALOGING SOURCE
Original cataloging agency DLC
Transcribing agency TxU
Modifying agency TxU
-- OCoLC
-- DLC
042 ## - AUTHENTICATION CODE
Authentication code premarc
050 00 - LIBRARY OF CONGRESS CALL NUMBER
Classification number LB1564.I65
Item number L495
100 1# - MAIN ENTRY--PERSONAL NAME
Personal name Levy, Jacob M.,
Relator term ed.
245 10 - TITLE STATEMENT
Title Madrikh le-khitah vav.
Statement of responsibility, etc. ʻArukh bi-yede Yaʻakov Levi, Uri Blum ve-Mosheh Avigal. Ḥevre ha-maʻarekhet: Leʻah Alterman, Mosheh Ḥalfan [ve] Yaʻakov Niv.
250 ## - EDITION STATEMENT
Edition statement Mahad. ḥadashah ve-metukenet.
260 ## - PUBLICATION, DISTRIBUTION, ETC.
Place of publication, distribution, etc. Tel Aviv,
Name of publisher, distributor, etc. Tarbut ve-Ḥinukh,
Date of publication, distribution, etc. 727 [1966]
300 ## - PHYSICAL DESCRIPTION
Extent 500 p.
Other physical details illus., music.
Dimensions 25 cm.
440 #0 - SERIES STATEMENT/ADDED ENTRY--TITLE
Title Sidrat madrikhim,
Volume/sequential designation 6
500 ## - GENERAL NOTE
General note "Urim" mador le-sefarim pedagogiyim.
504 ## - BIBLIOGRAPHY, ETC. NOTE
Bibliography, etc. note Bibliographical footnotes.
650 #0 - SUBJECT ADDED ENTRY--TOPICAL TERM
Topical term or geographic name entry element Education
Geographic subdivision Israel.
650 #0 - SUBJECT ADDED ENTRY--TOPICAL TERM
Topical term or geographic name entry element Education, Elementary.
650 #0 - SUBJECT ADDED ENTRY--TOPICAL TERM
Topical term or geographic name entry element Teachers
Form subdivision Handbooks, manuals, etc.
700 1# - ADDED ENTRY--PERSONAL NAME
Personal name Blum, Uri,
Dates associated with a name 1904-
Relator term joint ed.
700 1# - ADDED ENTRY--PERSONAL NAME
Personal name Avigal, Moshe,
Dates associated with a name 1886-
Relator term joint ed.

No items available.

Powered by Koha